[Event "Frankfurt-ch"]
[Site "Frankfurt"]
[Date "2005.06.06"]
[Round "6"]
[White "Rosselli, Martin"]
[Black "Pliss, Viktor"]
[Result "1-0"]
[WhiteElo "1933"]
[BlackElo "1777"]
[PlyCount "103"]
[EventDate "2005.04.25"]
[EventType "swiss"]
[EventRounds "7"]
[EventCountry "GER"]
[SourceTitle "EXT 2006"]
[Source "ChessBase"]
[SourceDate "2005.11.24"]
[SourceVersion "1"]
[SourceVersionDate "2005.11.24"]
[SourceQuality "1"]

1. e4 e6 2. d4 d5 3. Nd2 Nf6 4. e5 Nfd7 5. Bd3 c5 6. c3 Nc6 7. Ne2 Be7 8. 0-0 c4 9. Bc2 f5 10. exf6 Nxf6 11. Nf3 0-0 12. Re1 Bd6 13. Bf4 Qc7 14. Bxd6 Qxd6 15. Ng3 Bd7 16. Ne5 Be8 17. Qe2 Nd8 18. b3 b5 19. a4 cxb3 20. Bxb3 b4 21. c4 a5 22. c5 Qc7 23. f3 Ra7 24. Nh1 Nh5 25. g3 Qe7 26. Nf2 Nf6 27. Nfd3 Nh5 28. Qe3 h6 29. g4 Nf6 30. Nf4 Qb7 31. h4 Nh7 32. Bc2 g5 33. Bxh7+ Qxh7 34. hxg5 hxg5 35. Nfd3 Qg7 36. Kg2 Rf6 37. Rh1 Rh6 38. Rxh6 Qxh6 39. Rh1 Qg7 40. Kg3 Re7 41. f4 gxf4+ 42. Nxf4 Qg5 43. Rh8+ Kxh8 44. Nfg6+ Qxg6 45. Nxg6+ Bxg6 46. Qh6+ Bh7 47. Qf8+ Bg8 48. Qxe7 Nc6 49. Qc7 Nxd4 50. Qe5+ Kh7 51. Qxd4 Kg6 52. c6 1-0

[Event "Frankfurt-ch"]
[Site "Frankfurt"]
[Date "2005.05.23"]
[Round "4"]
[White "Rosselli, Martin"]
[Black "Uwira, Oliver"]
[Result "1/2-1/2"]
[WhiteElo "1933"]
[BlackElo "2112"]
[PlyCount "88"]
[EventDate "2005.04.25"]
[EventType "swiss"]
[EventRounds "7"]
[EventCountry "GER"]
[SourceTitle "EXT 2006"]
[Source "ChessBase"]
[SourceDate "2005.11.24"]
[SourceVersion "1"]
[SourceVersionDate "2005.11.24"]
[SourceQuality "1"]

1. e4 c5 2. Nf3 Nc6 3. d4 cxd4 4. Nxd4 Nf6 5. Nc3 e5 6. Ndb5 d6 7. Nd5 Nxd5 8. exd5 Nb8 9. c4 Be7 10. Bd3 0-0 11. 0-0 f5 12. f3 Nd7 13. Be3 a6 14. Nc3 Bg5 15. Qd2 Qb6 16. Bxb6 Bxd2 17. Bf2 Nc5 18. Bxc5 dxc5 19. Kh1 Bd7 20. a4 a5 21. Nb5 Ra6 22. Rad1 Bf4 23. g3 Be3 24. b3 f4 25. g4 h5 26. h3 hxg4 27. hxg4 Rh6+ 28. Kg2 Bd4 29. Rh1 Bxb5 30. axb5 Ra8 31. Bc2 Rf6 32. Rde1 Rff8 33. Rh5 b6 34. Reh1 Kf7 35. Rf5+ Ke7 36. Rxf8 Rxf8 37. Kf1 Ra8 38. Ke2 Kf6 39. Rh5 e4 40. Bxe4 a4 41. Rf5+ Ke7 42. d6+ Kxd6 43. Bxa8 a3 44. Rh5 a2 1/2-1/2

[Event "Rheinland-ch MAT B"]
[Site "Koblenz"]
[Date "2003.04.13"]
[Round "4"]
[White "Rosselli, Martin"]
[Black "Zirwes, Hans Juergen"]
[Result "1/2-1/2"]
[WhiteElo "1677"]
[BlackElo "1776"]
[PlyCount "23"]
[EventDate "2003.04.11"]
[EventType "tourn"]
[EventRounds "9"]
[EventCountry "GER"]
[SourceTitle "EXT 2004"]
[Source "ChessBase"]
[SourceDate "2003.11.25"]
[SourceVersion "1"]
[SourceVersionDate "2003.11.25"]
[SourceQuality "1"]

1. e4 e6 2. d4 d5 3. exd5 exd5 4. Bd3 Bd6 5. c3 c6 6. Nf3 Qc7 7. h3 Nf6 8. 0-0 0-0 9. Qc2 Re8 10. Bg5 Ne4 11. c4 b6 12. cxd5 1/2-1/2

[Event "Koblenz-ch"]
[Site "Koblenz"]
[Date "2002.10.24"]
[Round "2"]
[White "Rosselli, Martin"]
[Black "Forster, Manfred1111"]
[Result "1-0"]
[WhiteElo "1659"]
[BlackElo "1482"]
[PlyCount "69"]
[EventDate "2002.10.17"]
[EventType "swiss"]
[EventRounds "7"]
[EventCountry "GER"]
[SourceTitle "EXT 2005"]
[Source "ChessBase"]
[SourceDate "2004.11.15"]
[SourceVersion "1"]
[SourceVersionDate "2004.11.15"]
[SourceQuality "1"]

1. Nf3 Nf6 2. g3 d6 3. d4 g6 4. Bg2 c6 5. 0-0 Bf5 6. c4 Bg7 7. Nc3 d5 8. Qb3 Qb6 9. Qxb6 axb6 10. cxd5 Nfd7 11. h3 Nf6 12. Ne5 Bd7 13. Nxd7 Kxd7 14. e3 e6 15. dxe6+ fxe6 16. Bd2 Na6 17. a3 Nc7 18. Rfc1 Nce8 19. Be4 Nc7 20. Bd3 h5 21. Rc2 b5 22. Rac1 Rhc8 23. Ne2 Nh7 24. Nf4 Ne8 25. Nxg6 Nd6 26. Nf4 Nc4 27. Nxh5 Bf8 28. Bf1 Nxe3 29. fxe3 Ng5 30. Bg2 Be7 31. h4 Nf7 32. Bh3 Rg8 33. Kf2 Nd6 34. e4 Nxe4+ 35. Kf3 1-0